000
00278nam a2200109Ia 4500
001
1275990
005
20260417160438.0
008
260417s9999 xx 000 0 und d
020
_a
9786256698154
245
0
_a
Kardeşim Gelmeden Önce
_c
Sonja Danowski
260
_b
Ketebe Çocuk
999
_c
1275990
_d
1275990